| 000 | 00696nam a2200193Ia 4500 | ||
|---|---|---|---|
| 003 | IN-BaIIA | ||
| 008 | 211028s9999 xx 000 0 eng d | ||
| 040 | _cIIA Library | ||
| 080 |
_a524.316.7(082.2) _bJOH |
||
| 100 |
_aJohnson, Hollis R. _917497 |
||
| 245 | 4 |
_aThe M-type stars _cHollis R. Johnson and Francois R. Querci |
|
| 260 |
_aWashington _bNational Aeronautics and Space Administration _c1986 |
||
| 300 | _alxxxii, 502p. | ||
| 490 | _aMongraph series on nonthermal phenomena in stellar atmospheres | ||
| 650 | _aAstronomy and astrophysics thesaurus | ||
| 650 |
_aM-type stars _917498 |
||
| 700 |
_aQuerci, Francois R. _917499 |
||
| 942 | _cBK | ||
| 999 |
_c10288 _d10288 |
||